|
|
|
|
| LEADER |
01779nam a2200493 a 4500 |
| 001 |
nkc20132441943 |
| 003 |
CZ PrNK |
| 005 |
20130422153542.0 |
| 007 |
ta |
| 008 |
130222s2013 xr a e 000 0 cze |
| 015 |
|
|
|a cnb002441943
|
| 020 |
|
|
|a 978-80-7363-487-2
|q (váz.)
|
| 035 |
|
|
|a (OCoLC)837503768
|
| 040 |
|
|
|a ABA001
|b cze
|
| 041 |
1 |
|
|a cze
|h eng
|
| 043 |
|
|
|a n-us---
|
| 045 |
|
|
|a y0y0
|
| 072 |
|
7 |
|a 336.7
|x Finance
|2 Konspekt
|9 4
|
| 080 |
|
|
|a 336.7:338.124.4
|2 MRF
|
| 080 |
|
|
|a 336.71
|2 MRF
|
| 080 |
|
|
|a 336.76
|2 MRF
|
| 080 |
|
|
|a (73)
|2 MRF
|
| 080 |
|
|
|a (0:82-96)
|2 MRF
|
| 100 |
1 |
|
|a Lewis, Michael
|q (Michael M.),
|d 1960-
|7 jo2012689916
|4 aut
|
| 245 |
1 |
0 |
|a Big short :
|b v útrobách stroje zkázy /
|c Michael Lewis ; [z anglického originálu ... přeložil Michal Šašma]
|
| 246 |
3 |
0 |
|a V útrobách stroje zkázy
|
| 250 |
|
|
|a 1. vyd. v českém jazyce
|
| 260 |
|
|
|a Praha :
|b Dokořán,
|c 2013
|
| 300 |
|
|
|a 323 s. :
|b il. ;
|c 22 cm
|
| 648 |
|
7 |
|a 2001-2010
|7 ch460588
|2 czenas
|
| 650 |
0 |
7 |
|a finanční krize
|7 ph257893
|z Spojené státy americké
|y 2001-2010
|2 czenas
|
| 650 |
0 |
7 |
|a bankovnictví
|7 ph114120
|z Spojené státy americké
|y 2001-2010
|2 czenas
|
| 650 |
0 |
7 |
|a finanční trhy
|7 ph114556
|z Spojené státy americké
|y 2001-2010
|2 czenas
|
| 650 |
0 |
9 |
|a financial crises
|z United States
|y 2001-2010
|2 eczenas
|
| 650 |
0 |
9 |
|a banking
|z United States
|y 2001-2010
|2 eczenas
|
| 650 |
0 |
9 |
|a financial market
|z United States
|y 2001-2010
|2 eczenas
|
| 655 |
|
7 |
|a literatura faktu
|7 fd132773
|2 czenas
|
| 655 |
|
9 |
|a non-fiction
|2 eczenas
|
| 765 |
0 |
|
|t Big short
|9 Česky
|
| 910 |
2 |
|
|a BOA001
|b 2-1299.658
|
| 990 |
|
|
|a BK
|
| 995 |
|
|
|a 01
|
| 991 |
|
|
|b 201303
|c NOV
|e n
|
| 996 |
6 |
|
|b 2610540757
|c 2-1299.658
|l MZK
|r Sklad / do 1 hodiny
|n 4
|p p.v.
|w 001315285
|u 000010
|a 1
|e BOA001
|j MZK50
|s P
|